MARC

Tag First Indicator Second Indicator Subfields
LEADER 00000cam a2200000 a 4500
001 in00000001356
005 20151007050416.0
008 981015s1998 gaua b f000 0 eng d
035 |a (OCoLC)40116329 
035 |9 AJB2828AM 
040 |a GPO  |c GPO  |d DLC  |d MvI  |d UtOrBLW 
043 |a n-us--- 
049 |a UDOC 
074 |a 0499-F-16 
086 0 |a HE 20.7125/2:98-0003-2698 
245 0 0 |a Potlatch Corporation, Minnesota Pulp and Paper Division, Cloquet, Minnesota. 
264 1 |a [Atlanta, Ga.] :  |b U.S. Dept. of Health and Human Services, Public Health Service, Centers for Disease Control and Prevention, National Institute for Occupational Safety and Health ;  |c [1998] 
264 2 |a [Springfield, Va.] :  |b [National Technical Information Service, distributor], 
300 |a iv, 12 pages :  |b illustrations ;  |c 28 cm. 
336 |a text  |b txt  |2 rdacontent 
337 |a unmediated  |b n  |2 rdamedia 
338 |a volume  |b nc  |2 rdacarrier 
490 1 |a NIOSH health hazard evaluation report ;  |v HETA 98-0003-2698 
500 |a Shipping list number: 98-0357-P. 
500 |a "July 1998"--P. iii. 
504 |a Includes bibliographical references (pages 9-10). 
610 2 0 |a Potlatch Corporation. 
650 0 |a Industrial hygiene  |z Minnesota  |z Cloquet. 
650 0 |a Atmospheric ozone  |x Health aspects  |z Minnesota  |z Cloquet. 
650 0 |a Electrostatic precipitation. 
710 2 |a National Institute for Occupational Safety and Health. 
830 0 |a NIOSH health hazard evaluation report ;  |v HETA 98-0003-2698. 
999 |a MARS 
999 f f |s b798a8f2-bd7e-33b3-8adb-0cd3d1fcf17e  |i 4d18b1dd-de05-348d-9bf3-8cd8e6bdde4e  |t 0 
952 f f |p normal  |a Texas A&M University  |b College Station  |c Sterling C. Evans Library  |d Evans: US Documents (Annex 5th floor)  |t 0  |e HE 20.7125/2:98-0003-2698  |h Superintendent of Documents classification  |i unmediated -- volume  |m A14820685746 
998 f f |a HE 20.7125/2:98-0003-2698  |t 0  |l Evans: US Documents (Annex 5th floor)